Foreign affairs. (Record no. 90106)
[ view plain ]
| 000 -LEADER | |
|---|---|
| fixed length control field | 01140cam a22003011 4500 |
| 001 - CONTROL NUMBER | |
| control field | sd 66000004 |
| 003 - CONTROL NUMBER IDENTIFIER | |
| control field | DLC |
| 005 - DATE AND TIME OF LATEST TRANSACTION | |
| control field | 20260227112737.0 |
| 008 - FIXED-LENGTH DATA ELEMENTS--GENERAL INFORMATION | |
| fixed length control field | 920420s1966 dcu f000 0 eng c |
| 010 ## - LIBRARY OF CONGRESS CONTROL NUMBER | |
| LC control number | sd 66000004 |
| 035 ## - SYSTEM CONTROL NUMBER | |
| System control number | (OCoLC)25678488 |
| 040 ## - CATALOGING SOURCE | |
| Original cataloging agency | U.S. Dept. of State. Library |
| Transcribing agency | DS |
| Modifying agency | DS |
| -- | DLC |
| 042 ## - AUTHENTICATION CODE | |
| Authentication code | premarc |
| 050 00 - LIBRARY OF CONGRESS CALL NUMBER | |
| Classification number | E840 |
| Item number | .U65 |
| 110 1# - MAIN ENTRY--CORPORATE NAME | |
| Corporate name or jurisdiction name as entry element | United States. |
| Subordinate unit | President (1963-1969 : Johnson) |
| 245 10 - TITLE STATEMENT | |
| Title | Foreign affairs. |
| 260 ## - PUBLICATION, DISTRIBUTION, ETC. | |
| Place of publication, distribution, etc. | [Washington] |
| Name of publisher, distributor, etc. | Dept. of State; [for sale by the Superintendent of Documents, U.S. Govt. Print. Off., |
| Date of publication, distribution, etc. | 1966] |
| 300 ## - PHYSICAL DESCRIPTION | |
| Extent | 17 p. |
| Dimensions | 20 cm. |
| 490 1# - SERIES STATEMENT | |
| Series statement | [U.S.] Dept. of State. Publication |
| Volume/sequential designation | 8011 |
| 490 1# - SERIES STATEMENT | |
| Series statement | General foreign policy series |
| Volume/sequential designation | 211 |
| 500 ## - GENERAL NOTE | |
| General note | Cover title. |
| 500 ## - GENERAL NOTE | |
| General note | "Excerpt from the state of the Union message, January 12, 1966." |
| 651 #0 - SUBJECT ADDED ENTRY--GEOGRAPHIC NAME | |
| Geographic name | United States |
| General subdivision | Foreign relations |
| Chronological subdivision | 1963-1969. |
| 651 #0 - SUBJECT ADDED ENTRY--GEOGRAPHIC NAME | |
| Geographic name | United States |
| General subdivision | Foreign relations |
| Geographic subdivision | Vietnam. |
| 651 #0 - SUBJECT ADDED ENTRY--GEOGRAPHIC NAME | |
| Geographic name | Vietnam |
| General subdivision | Foreign relations |
| Geographic subdivision | United States. |
| 830 #0 - SERIES ADDED ENTRY--UNIFORM TITLE | |
| Uniform title | Department of State publication ; |
| Volume/sequential designation | 8011. |
| 830 #0 - SERIES ADDED ENTRY--UNIFORM TITLE | |
| Uniform title | Department of State publication. |
| Name of part/section of a work | General foreign policy series ; |
| Volume/sequential designation | 211. |
No items available.